Les finances du P.C.F.
Enregistré dans:
| Auteur principal: | |
|---|---|
| Format: | Livre |
| Langue: | Undetermined |
| Publié: |
Paris
Albin Michel
1977
|
| Sujets: | |
| Tags: |
Ajouter un tag
Pas de tags, Soyez le premier à ajouter un tag!
|
| Thư viện lưu trữ: | Trung tâm Học liệu Trường Đại học Cần Thơ |
|---|
| LEADER | 00451nam a2200181Ia 4500 | ||
|---|---|---|---|
| 001 | CTU_82091 | ||
| 008 | 210402s9999 xx 000 0 und d | ||
| 082 | |a 332 | ||
| 082 | |b M763 | ||
| 100 | |a Montaldo, Jean | ||
| 245 | 0 | |a Les finances du P.C.F. | |
| 245 | 0 | |c Jean Montaldo | |
| 260 | |a Paris | ||
| 260 | |b Albin Michel | ||
| 260 | |c 1977 | ||
| 650 | |a Finance | ||
| 904 | |i Trọng Hải | ||
| 980 | |a Trung tâm Học liệu Trường Đại học Cần Thơ | ||